10 Największych miast w Warmińsko-Mazurskim - Statystyki

Ogólne statystyki
  • Ten quiz został rozwiązany 86 razy
  • Średni wynik to 3 z 10
Statystyki odpowiedzi
Miasto Powierzchnia (w km²) % Poprawnych
Olsztyn 88,33
100%
Elbląg 79,82
85%
Iława 21,88
49%
Ełk 21,05
38%
Gołdap 17,20
14%
Mrągowo 14,81
13%
Lidzbark-Warmiński 14,35
8%
Pasym 15,18
4%
Ruciane-Nida 17,07
4%
Lubawa 16,84
3%
Nie znaleziono quizów pasujących do podanych kryteriów
Rozkład punktacji
Procent ludzi z każdym wynikiem
Percentyl według liczby udzielonych odpowiedzi
Twoja historia wyników
Nie rozwiązałeś tego quizu